000 00339nam a2200157 4500
001 43563
090 _a43563
100 _a20240917 pory50
101 _apor
102 _aPT
200 _aAtlas infantil
_ecom bandeiras
210 _aRio de Mouro
_cGirassol
_d[S.d.]
215 _a48 p.
675 _a912
801 _aPT
_gRPC
990 _cLIVROS